Statistiques concernant Devinez le Département Mystère #73

Cliquez ici pour prendre le quiz!

Statistiques générales

  • Ce quiz a été pris 104 fois
  • Le résultat moyen est 27 sur 34

Statistiques - réponses

Type de RéponseRéponse% Correct
Lettre de l'AlphabetI
100%
Lettre TrouvéeO
100%
Lettre de l'AlphabetA
99%
Lettre TrouvéeE
99%
Lettre de l'AlphabetN
99%
Lettre TrouvéeR
99%
Lettre de l'AlphabetS
97%
Lettre de l'AlphabetU
97%
Lettre de l'AlphabetH
95%
Lettre TrouvéeT
95%
Lettre TrouvéeD
92%
Lettre de l'AlphabetL
92%
Lettre de l'AlphabetV
91%
Lettre TrouvéeC
88%
Lettre de l'AlphabetM
88%
Lettre de l'AlphabetB
85%
Lettre de l'AlphabetG
84%
Lettre de l'AlphabetP
83%
Lettre de l'AlphabetY
77%
Lettre de l'AlphabetF
74%
Lettre de l'AlphabetJ
66%
Lettre de l'AlphabetX
65%
Lettre de l'AlphabetZ
65%
Lettre de l'AlphabetQ
64%
Lettre Bien PlacéeC
62%
Département MystèreCôte-d'Or
62%
Lettre Bien PlacéeD
62%
Lettre Bien PlacéeE
62%
Lettre de l'AlphabetK
62%
Lettre Bien PlacéeÔ
62%
Lettre Bien PlacéeO
62%
Lettre Bien PlacéeR
62%
Lettre Bien PlacéeT
62%
Lettre de l'AlphabetW
62%

Distribution des résultats

Percentile par nombre de réponses

% des personnes avec chaque résultat

Votre développement - résultats

Vous n’avez pas pris ce quiz